Players With The Most Goals/Assists Per Season - Statistics

General Stats
  • This quiz has been taken 45 times
    41 since last reset
  • The average score is 24 of 72
Answer Stats
Hint Total Answer % Correct
22/23 36 Erling Haaland
97%
11/12 50 Lionel Messi
93%
14/15 48 Cristiano Ronaldo
90%
13/14 31 Cristiano Ronaldo / Luis Suarez
90%
18/19 36 Lionel Messi
90%
17/18 34 Lionel Messi
90%
16/17 37 Lionel Messi
90%
12/13 46 Lionel Messi
90%
09/10 34 Lionel Messi
90%
10/11 40 Cristiano Ronaldo
87%
15/16 40 Luis Suarez
87%
21/22 35 Robert Lewandowski
80%
20/21 41 Robert Lewandowski
80%
23/24 36 Harry Kane
73%
07/08 31 Cristiano Ronaldo
63%
19/20 36 Ciro Immobile
40%
04/05 25 Diego Forlan / Samuel Eto'o / Thierry Henry
40%
03/04 30 Thierry Henry
40%
14/15 65 Cristiano Ronaldo
37%
10/11 53 Cristiano Ronaldo
37%
22/23 44 Erling Haaland
37%
17/18 16 Kevin De Bruyne / Thomas Muller
37%
19/20 22 Lionel Messi
37%
19/20 47 Lionel Messi
37%
17/18 48 Lionel Messi
37%
16/17 49 Lionel Messi
37%
12/13 59 Lionel Messi
37%
11/12 69 Lionel Messi
37%
10/11 21 Lionel Messi
37%
09/10 45 Lionel Messi
37%
20/21 48 Robert Lewandowski
37%
14/15 21 Dimitri Payet / Kevin De Bruyne / Lionel Messi
33%
23/24 44 Harry Kane
33%
21/22 45 Kylian Mbappe
33%
18/19 50 Lionel Messi
33%
15/16 58 Luis Suarez
33%
13/14 44 Luis Suarez
33%
07/08 38 Cristiano Ronaldo
30%
03/04 36 Ailton / Thierry Henry
27%
08/09 32 Diego Forlan
27%
02/03 45 Thierry Henry
27%
01/02 24 Dario Hubner / David Trezeguet / Theirry Henry
23%
04/05 39 Thierry Henry
23%
08/09 23 Xavi
23%
08/09 42 Diego Forlan
17%
06/07 26 Francesco Totti
17%
20/21 21 Thomas Muller
17%
07/08 20 Cesc Fabregas
13%
06/07 35 Francesco Totti
13%
05/06 31 Luca Toni
13%
02/03 21 Thierry Henry
13%
21/22 21 Thomas Muller
10%
13/14 18 Angel Di Maria
7%
11/12 21 Franck Ribery
7%
04/05 18 Frank Lampard
7%
15/16 20 Henrikh Mkhitaryan
7%
00/01 18 Luis Figo
7%
09/10 18 Ronaldinho
7%
05/06 18 Ronaldinho
7%
02/03 29 Roy Makaay
7%
23/24 15 Alejandro Grimaldo
3%
01/02 30 Dario Hubner
3%
00/01 26 Hernan Crespo
3%
18/19 16 Jadon Sancho
3%
22/23 17 Antoine Griezmann
0%
16/17 22 Emile Forsburg
0%
00/01 33 Jimmy Floyd Hasselbaink / Rivaldo
0%
12/13 17 Marek Hamsik
0%
06/07 15 Miroslav Klose
0%
05/06 38 Miroslav Klose
0%
03/04 14 Muzzy Izzet
0%
01/02 17 Ze Roberto
0%
No matching quizzes found
Score Distribution
Percent of People with Each Score
Percentile by Number Answered
Your Score History
You have not taken this quiz since the last reset